000 00749nam a2200253Ia 4500
005 20240305110426.0
008 140110s9999 xx 000 0 und d
020 _a9788120321410
_cRs.350
040 _aLoreto College
041 _aEnglish
082 _a005.1
_bCOR
100 _aCormen, Thomas H.
245 _aIntroduction to algorithms
_cThomas H. Cormen, Charles E. Leiserson, Ronald L. Rivest and Clifford Stein
250 _a2nd ed.
260 _aNew Delhi
_bPrentice-Hall of India
_c2008
300 _axix,1180p.
504 _aIncludes bibliographical references and index
630 _aComputer Science
650 _aAlgorithms
651 _aMathematics
700 _aLeiserson, Charles E.
850 _aLCLIB
942 _cBK
999 _c20252
_d70731